Laporan ekonomi 1988/89 : Kementerian kewangan malaysia

Bibliographic Details
Format: Book
Published: Kuala Lumpur : Kementerian kewangan malaysia , 1988
Subjects:

MARC

LEADER 00000cam a2200000 7i4500
001 0000021001
005 20071219.0
040 |a INS 
090 0 0 |a HC445.5   |b Z7L299 1988 
245 1 0 |a Laporan ekonomi 1988/89 :   |b Kementerian kewangan malaysia 
260 |a Kuala Lumpur :   |b Kementerian kewangan malaysia ,   |c 1988 
300 |a Mukasurat pelbagai :   |b il. ;   |c 27cm. 
650 0 0 |a Malaysia   |x Economic conditions   |y Periodicals 
650 0 0 |a Malaysia   |x Economic policy   |y Periodicals 
999 |a 0000003203   |b BOOK   |c Red Spot   |e Default branch